000 00963nam a2200289 i 4500
001 60128
003 ES-MaACL
005 20250827062609.0
007 t|
008 031103s1985 sp ||||1| spa d
020 _a84-309-1143-X
110 1 _aEspaña
_93622
240 1 0 _aLeyes, etc., de publicidad
245 1 0 _aLegislación publicitaria /
_cedición preparada por Carlos Lema Devesa ; con la colaboración de Jesús Gómez Montero y Sol Bacharach de Valera.
260 _aMadrid :
_bTecnos,
_c1985.
300 _a329 p. ;
_c17 cm.
490 1 _aBiblioteca de textos legales
500 _aÍndices.
650 7 _aDerecho de la publicidad
_2embne
_9172582
700 1 _aLema Devesa, Carlos.
_971445
700 1 _aGómez Montero, Jesús.
_958058
700 1 _aBacharach de Valera, Sol.
_924465
830 1 _aBiblioteca de textos legales
_9177271
852 _aES-MaACL
_jL-10332
852 _aES-MaACL
_jC-40768
999 _c60128
_d60128